000 00378nam a2200145Ia 4500
008 240112s1967 MAY xx 000 0 und d
022 _a54-6097
041 _aeng
082 _a618.92705
100 _aBANKS H.H.
245 _aTHE PEDIATRIC CLINICS OF NORTH AMERICA: MUSCULOSKELETAL DISORDERS I
260 _bSAUNDERS
_c1967 MAY
300 _a532,HB
_c2
440 _v14
999 _c1141527
_d1141527